000 00724nas a2200253 454500
001 IICA0600436
003 BR-BrBNA
005 20260323111524.0
007 ta
008 260323b bl.|||p| |||| 00| 00por d
040 _aBR-BrBNA
_bpor
_cBiblioteca Nacional de Agricultura
041 _a(En)
072 _aL51
100 1 _aDyer, T.A.
100 1 _aVelasquez, A.
245 1 _aA study of the protein requirements of pigs in El Salvador
300 _av. 6 (1-2) p. 13-15
650 _aPORCO
650 _aPROTEINA
650 _aMETABOLISMO PROTEICO
773 0 _tTURRIALBA (IICA)
_X0041-4360
_g(Jan-Jun 1956), v. 6 (1-2) p. 13-15
_wIICA0600436
909 _a202603
_bLúcia
_c55
_dLúcia Elande
942 _2IICA
_n0
_cANA
999 _c340687
_d340687